[Event "HUN-chT1 Maroczy 2324"]
[Site "Hungary"]
[Date "2024.04.21"]
[Round "10.9"]
[White "Csizmadia, Laszlo"]
[Black "Pesztericz, Laszlo"]
[Result "1/2-1/2"]
[WhiteElo "2306"]
[BlackElo "2053"]
[PlyCount "62"]
[EventDate "2023.10.08"]
[EventType "team-tourn"]
[EventRounds "11"]
[EventCountry "HUN"]
[SourceTitle "EXT 2025"]
[Source "ChessBase"]
[SourceDate "2024.10.14"]
[SourceVersion "1"]
[SourceVersionDate "2024.10.14"]
[SourceQuality "1"]
[WhiteTeam "Maroczy"]
[BlackTeam "Vasas"]
[WhiteTeamCountry "HUN"]
[BlackTeamCountry "HUN"]

1. d4 Nf6 2. c4 g6 3. Nc3 Bg7 4. e4 d6 5. f4 0-0 6. Nf3 c5 7. d5 e6 8. Be2 exd5 9. exd5 Bf5 10. 0-0 Re8 11. Bd3 Bxd3 12. Qxd3 Nbd7 13. Bd2 a6 14. h3 b5 15. cxb5 axb5 16. Nxb5 Qb6 17. a4 c4+ 18. Qd4 Qxd4+ 19. Nfxd4 Nxd5 20. Bc3 Nc5 21. Nxd6 Red8 22. Nxc4 Nxc3 23. bxc3 Bxd4+ 24. cxd4 Rxd4 25. Nb6 Ra6 26. a5 Nb3 27. Ra3 Nxa5 28. Nc8 Rd8 29. Ne7+ Kf8 30. Rxa5 Rxa5 31. Nc6 Rad5 1/2-1/2

[Event "HUN-chT1 Maroczy 2324"]
[Site "Hungary"]
[Date "2023.12.10"]
[Round "5.9"]
[White "Csizmadia, Laszlo"]
[Black "Kovacs, Tamas"]
[Result "1-0"]
[WhiteElo "2306"]
[BlackElo "2071"]
[PlyCount "71"]
[EventDate "2023.10.08"]
[EventType "team-tourn"]
[EventRounds "11"]
[EventCountry "HUN"]
[SourceTitle "EXT 2025"]
[Source "ChessBase"]
[SourceDate "2024.10.14"]
[SourceVersion "1"]
[SourceVersionDate "2024.10.14"]
[SourceQuality "1"]
[WhiteTeam "Maroczy"]
[BlackTeam "DVTK EMSE"]
[WhiteTeamCountry "HUN"]
[BlackTeamCountry "HUN"]

1. d4 Nf6 2. c4 e6 3. Nc3 Bb4 4. f3 c5 5. d5 e5 6. e4 d6 7. Bd3 Bxc3+ 8. bxc3 0-0 9. Ne2 Ne8 10. 0-0 g6 11. f4 Nd7 12. f5 f6 13. h4 Ng7 14. Ng3 Kh8 15. fxg6 hxg6 16. h5 g5 17. h6 Ne8 18. Be2 Nb6 19. a4 Bd7 20. a5 Nc8 21. Bxg5 Rg8 22. Bh4 Rg6 23. Bh5 Rxh6 24. Bxe8 Rxh4 25. Bxd7 Qxd7 26. Rxf6 Qg7 27. Nh5 Qg5 28. Rf8+ Kh7 29. Nf6+ Kg7 30. Rg8+ Kxf6 31. Rxg5 Kxg5 32. Qf3 Ne7 33. Rf1 Ng6 34. Qg3+ Kh5 35. Rf5+ Kh6 36. Rf6 1-0

[Event "HUN-chT1 Maroczy 2223"]
[Site "Hungary"]
[Date "2023.04.23"]
[Round "9.9"]
[White "Egyed, Andras"]
[Black "Csizmadia, Laszlo"]
[Result "1/2-1/2"]
[WhiteElo "2198"]
[BlackElo "2314"]
[PlyCount "41"]
[EventDate "2022.11.20"]
[EventType "team-tourn"]
[EventRounds "9"]
[EventCountry "HUN"]
[SourceTitle "EXT 2025"]
[Source "ChessBase"]
[SourceDate "2024.10.14"]
[SourceVersion "1"]
[SourceVersionDate "2024.10.14"]
[SourceQuality "1"]
[WhiteTeam "Kekes"]
[BlackTeam "Maroczy"]
[WhiteTeamCountry "HUN"]
[BlackTeamCountry "HUN"]

1. d4 d5 2. Nf3 Nf6 3. c4 e6 4. Bg5 c6 5. e3 Nbd7 6. cxd5 exd5 7. Bd3 Bd6 8. Qc2 h6 9. Bh4 0-0 10. 0-0 Re8 11. Nc3 g5 12. Bg3 Bxg3 13. hxg3 Qe7 14. Nd2 Nb6 15. Rab1 Bd7 16. Rfc1 Nc8 17. Bf5 Bxf5 18. Qxf5 Nd6 19. Qd3 Nfe4 20. Ncxe4 Nxe4 21. Nxe4 1/2-1/2

[Event "HUN-chT2 Toth 2223"]
[Site "Hungary"]
[Date "2023.02.12"]
[Round "7.1"]
[White "Martonosi, Adam"]
[Black "Csizmadia, Laszlo"]
[Result "0-1"]
[WhiteElo "1955"]
[BlackElo "2303"]
[PlyCount "88"]
[EventDate "2022.10.16"]
[EventType "team-tourn"]
[EventRounds "11"]
[EventCountry "HUN"]
[SourceTitle "EXT 2025"]
[Source "ChessBase"]
[SourceDate "2024.10.14"]
[SourceVersion "1"]
[SourceVersionDate "2024.10.14"]
[SourceQuality "1"]
[WhiteTeam "Mako Duocor II"]
[BlackTeam "Maroczy II"]
[WhiteTeamCountry "HUN"]
[BlackTeamCountry "HUN"]

1. c4 e6 2. Nf3 d5 3. g3 Nf6 4. Bg2 c5 5. cxd5 exd5 6. d4 Nc6 7. 0-0 h6 8. Nc3 Bf5 9. Qb3 cxd4 10. Nb5 Bc5 11. Bf4 0-0 12. Rfd1 g5 13. Rac1 Na5 14. Qa4 Nc4 15. Bc7 Qe8 16. Rxc4 dxc4 17. Qxc4 b6 18. Nfxd4 Be4 19. b4 Bxg2 20. Kxg2 Qe4+ 21. f3 Qd5 22. Qxd5 Nxd5 23. Nf5 Nxb4 24. Rd7 Rae8 25. Nc3 Kh7 26. Ne4 Nxa2 27. g4 Re6 28. h4 gxh4 29. Kh3 Rxe4 30. fxe4 Nc3 31. e5 Ne4 32. e6 Ng5+ 33. Kxh4 Nxe6 34. Be5 a5 35. Kh5 a4 36. Nxh6 Ng7+ 37. Bxg7 Kxg7 38. g5 a3 39. Nf5+ Kh8 40. Kh6 Ra8 41. g6 Bf8+ 42. g7+ Bxg7+ 43. Nxg7 a2 44. Rxf7 a1Q 0-1

[Event "HUN-chT2 Toth 2223"]
[Site "Hungary"]
[Date "2022.12.18"]
[Round "5.1"]
[White "Herpai, Jozsef"]
[Black "Csizmadia, Laszlo"]
[Result "1/2-1/2"]
[WhiteElo "2137"]
[BlackElo "2307"]
[PlyCount "120"]
[EventDate "2022.10.16"]
[EventType "team-tourn"]
[EventRounds "11"]
[EventCountry "HUN"]
[SourceTitle "EXT 2025"]
[Source "ChessBase"]
[SourceDate "2024.10.14"]
[SourceVersion "1"]
[SourceVersionDate "2024.10.14"]
[SourceQuality "1"]
[WhiteTeam "Meritum II"]
[BlackTeam "Maroczy II"]
[WhiteTeamCountry "HUN"]
[BlackTeamCountry "HUN"]

1. d4 d5 2. c4 e6 3. Nf3 c6 4. Qc2 Nf6 5. g3 Be7 6. Bg2 0-0 7. Nbd2 b5 8. b3 Ba6 9. 0-0 Nbd7 10. Re1 c5 11. cxb5 Bxb5 12. a4 Ba6 13. Ba3 Rc8 14. Qb2 c4 15. Bxe7 Qxe7 16. bxc4 dxc4 17. Rec1 c3 18. Rxc3 Rxc3 19. Qxc3 Bxe2 20. Qc7 Qb4 21. Qxa7 Rc8 22. Re1 Bd3 23. Bf1 Bxf1 24. Rxf1 g5 25. h3 h5 26. Ne4 Nxe4 27. Qxd7 Qc3 28. Ne5 Rc7 29. Qd8+ Kg7 30. Nd7 Rc8 31. Qe7 Qxd4 32. h4 g4 33. a5 Qc3 34. a6 Qa5 35. Kg2 Qxa6 36. Re1 Qb7 37. Kh2 Qd5 38. Rxe4 Qxe4 39. Qf6+ Kg8 40. Qh6 Qg6 41. Nf6+ Qxf6 42. Qxf6 Rc5 43. Qh6 Rf5 44. Kg2 Rd5 45. Kf1 Re5 46. Kg1 Rf5 47. Kg2 Ra5 48. f4 Rd5 49. Kf2 Rb5 50. Ke3 Rd5 51. Ke4 Rf5 52. Kd4 Rd5+ 53. Ke3 Rb5 54. Qf6 Rf5 55. Qd8+ Kg7 56. Qd4+ Kg8 57. Ke4 Kh7 58. Qd7 Kg8 59. Qe8+ Kg7 60. Qd8 Kh7 1/2-1/2

[Event "HUN-chT1 Maroczy 2223"]
[Site "Hungary"]
[Date "2022.12.04"]
[Round "2.6"]
[White "Turcsanyi, Vince Gergo"]
[Black "Csizmadia, Laszlo"]
[Result "1/2-1/2"]
[WhiteElo "2069"]
[BlackElo "2307"]
[PlyCount "22"]
[EventDate "2022.11.20"]
[EventType "team-tourn"]
[EventRounds "9"]
[EventCountry "HUN"]
[SourceTitle "EXT 2025"]
[Source "ChessBase"]
[SourceDate "2024.10.14"]
[SourceVersion "1"]
[SourceVersionDate "2024.10.14"]
[SourceQuality "1"]
[WhiteTeam "DVTK"]
[BlackTeam "Maroczy"]
[WhiteTeamCountry "HUN"]
[BlackTeamCountry "HUN"]

1. e4 e6 2. b3 d5 3. Bb2 dxe4 4. Nc3 Nf6 5. Qe2 b6 6. Nxe4 Nxe4 7. Qxe4 Qd5 8. Qf3 Bb7 9. Be2 Nd7 10. c4 Qxf3 11. Bxf3 Bxf3 1/2-1/2

[Event "HUN-chT 1819"]
[Site "Hungary"]
[Date "2019.04.28"]
[Round "9.4"]
[White "Hujbert, Florian"]
[Black "Csizmadia, Laszlo"]
[Result "1-0"]
[WhiteElo "2425"]
[BlackElo "2382"]
[PlyCount "81"]
[EventDate "2018.11.17"]
[EventType "team-tourn"]
[EventRounds "9"]
[EventCountry "HUN"]
[SourceTitle "CBM 190 Extra"]
[Source "ChessBase"]
[SourceDate "2019.07.15"]
[SourceVersion "1"]
[SourceVersionDate "2019.07.15"]
[SourceQuality "1"]
[WhiteTeam "Penzugyor"]
[BlackTeam "Maroczy"]
[WhiteTeamCountry "HUN"]
[BlackTeamCountry "HUN"]

1. e4 e6 2. d4 d5 3. Nd2 Nf6 4. e5 Nfd7 5. f4 c5 6. Ngf3 Nc6 7. Nb3 c4 8. Nbd2 b5 9. Be2 g6 10. Nf1 h5 11. Ne3 Ne7 12. 0-0 Nf5 13. b3 Nb6 14. Qe1 a5 15. Nxf5 exf5 16. Bd2 a4 17. Ba5 axb3 18. axb3 Ra6 19. Qd2 Bd7 20. Bb4 Qa8 21. Rxa6 Qxa6 22. Qc3 Nc8 23. Bxf8 Kxf8 24. Ra1 Qb6 25. Qb4+ Kg7 26. Qc5 Rd8 27. Kf2 Bc6 28. Qxb6 Nxb6 29. Ra6 Rb8 30. Ke3 Bd7 31. Ra7 Kg8 32. Kd2 b4 33. g3 Kf8 34. Rc7 Rc8 35. Rb7 Rc6 36. bxc4 Bc8 37. cxd5 Rxc2+ 38. Kxc2 Bxb7 39. d6 Bd5 40. Nd2 Na4 41. Bc4 1-0

[Event "HUN-chT 1819"]
[Site "Hungary"]
[Date "2019.04.27"]
[Round "8.3"]
[White "Csizmadia, Laszlo"]
[Black "Sipos, Istvan"]
[Result "0-1"]
[WhiteElo "2382"]
[BlackElo "2492"]
[PlyCount "92"]
[EventDate "2018.11.17"]
[EventType "team-tourn"]
[EventRounds "9"]
[EventCountry "HUN"]
[SourceTitle "CBM 190 Extra"]
[Source "ChessBase"]
[SourceDate "2019.07.15"]
[SourceVersion "1"]
[SourceVersionDate "2019.07.15"]
[SourceQuality "1"]
[WhiteTeam "Maroczy"]
[BlackTeam "Mako Duocor"]
[WhiteTeamCountry "HUN"]
[BlackTeamCountry "HUN"]

1. d4 e6 2. c4 Nf6 3. Nc3 c5 4. d5 exd5 5. cxd5 g6 6. e4 d6 7. Be2 Bg7 8. Nf3 a6 9. a4 Bg4 10. Nd2 Bxe2 11. Qxe2 0-0 12. Nc4 Re8 13. Bg5 Qc7 14. 0-0 Nbd7 15. Rfe1 Nb6 16. Nxb6 Qxb6 17. Qd2 Qb4 18. f3 Nd7 19. Nd1 Rac8 20. Re2 f5 21. Nc3 Qd4+ 22. Be3 Qxd2 23. Bxd2 Bd4+ 24. Kf1 Nf6 25. exf5 gxf5 26. Rae1 Rxe2 27. Rxe2 Be5 28. Be1 Kf7 29. Rd2 Rg8 30. g3 Rb8 31. Ne2 Nd7 32. f4 Bg7 33. Ng1 b5 34. a5 Nf6 35. Nf3 Ne4 36. Re2 Bf6 37. h3 h5 38. g4 hxg4 39. hxg4 fxg4 40. Nh2 g3 41. Ng4 Re8 42. Kg2 Bd4 43. b3 b4 44. Ne5+ Bxe5 45. fxe5 Rxe5 46. Re3 Kf6 0-1

[Event "HUN-chT 1819"]
[Site "Hungary"]
[Date "2018.11.18"]
[Round "2.3"]
[White "Csizmadia, Laszlo"]
[Black "Lenic, Luka"]
[Result "0-1"]
[WhiteElo "2382"]
[BlackElo "2657"]
[PlyCount "62"]
[EventDate "2018.11.17"]
[EventType "team-tourn"]
[EventRounds "9"]
[EventCountry "HUN"]
[SourceTitle "CBM 187 Extra"]
[Source "ChessBase"]
[SourceDate "2018.11.04"]
[SourceVersion "1"]
[SourceVersionDate "2018.11.04"]
[SourceQuality "1"]
[WhiteTeam "Maroczy"]
[BlackTeam "Aquaprofit"]
[WhiteTeamCountry "HUN"]
[BlackTeamCountry "HUN"]

1. d4 d5 2. c4 e6 3. Nc3 c6 4. Nf3 Nf6 5. Bg5 h6 6. Bh4 dxc4 7. a4 Bb4 8. e3 b5 9. Be2 Bb7 10. 0-0 a6 11. Qc2 Nbd7 12. e4 g5 13. Bg3 Nh5 14. d5 Nxg3 15. hxg3 cxd5 16. exd5 exd5 17. axb5 axb5 18. Nxb5 Rxa1 19. Rxa1 Qb6 20. b3 Bc5 21. bxc4 Bxf2+ 22. Kh1 0-0 23. cxd5 Nf6 24. Ra4 Bxd5 25. Qf5 Re8 26. Nfd4 Bxg3 27. Nc3 Bb7 28. Qh3 Ne4 29. Qd7 Bc6 30. Qxc6 Qxc6 31. Nxc6 Nxc3 0-1

[Event "HUN-chT2 Maroczy 1718"]
[Site "Hungary"]
[Date "2018.03.25"]
[Round "8.8"]
[White "Rigo, Janos"]
[Black "Csizmadia, Laszlo"]
[Result "1/2-1/2"]
[WhiteElo "2234"]
[BlackElo "2363"]
[PlyCount "67"]
[EventDate "2017.10.29"]
[EventType "team-tourn"]
[EventRounds "9"]
[EventCountry "HUN"]
[SourceTitle "EXT 2021"]
[Source "ChessBase"]
[SourceDate "2020.10.23"]
[SourceVersion "1"]
[SourceVersionDate "2020.10.23"]
[SourceQuality "1"]
[WhiteTeam "Budapest HASE"]
[BlackTeam "Szeged Maroczy"]
[WhiteTeamCountry "HUN"]
[BlackTeamCountry "HUN"]

1. e4 e6 2. d4 d5 3. Nc3 Nf6 4. Bg5 Be7 5. e5 Nfd7 6. Bxe7 Qxe7 7. f4 a6 8. Nf3 c5 9. Be2 Nc6 10. Qd2 b5 11. Nd1 0-0 12. c3 f6 13. 0-0 Bb7 14. Ne3 cxd4 15. cxd4 fxe5 16. fxe5 Nb6 17. b3 Rac8 18. Rac1 Rc7 19. Rc2 Rfc8 20. Rfc1 Nd8 21. Rxc7 Rxc7 22. Rxc7 Qxc7 23. Bd3 Nd7 24. Ng4 Nf8 25. Qg5 Kh8 26. h4 Nf7 27. Qd2 Kg8 28. Bc2 a5 29. Nf2 b4 30. g4 Ba6 31. g5 Nd8 32. Kg2 Qf7 33. Kg3 Nc6 34. Nd1 1/2-1/2

[Event "HUN-chT2 Maroczy 1718"]
[Site "Hungary"]
[Date "2018.02.18"]
[Round "6.7"]
[White "Csizmadia, Laszlo"]
[Black "Hradeczky, Tamas"]
[Result "1-0"]
[WhiteElo "2350"]
[BlackElo "2096"]
[PlyCount "87"]
[EventDate "2017.10.29"]
[EventType "team-tourn"]
[EventRounds "9"]
[EventCountry "HUN"]
[SourceTitle "EXT 2021"]
[Source "ChessBase"]
[SourceDate "2020.10.23"]
[SourceVersion "1"]
[SourceVersionDate "2020.10.23"]
[SourceQuality "1"]
[WhiteTeam "Szeged Maroczy"]
[BlackTeam "Taban Spartacus"]
[WhiteTeamCountry "HUN"]
[BlackTeamCountry "HUN"]

1. d4 Nf6 2. c4 e6 3. Nc3 c5 4. d5 exd5 5. cxd5 d6 6. e4 g6 7. f4 Nbd7 8. Nf3 Bg7 9. Be2 0-0 10. 0-0 Re8 11. Nd2 a6 12. a4 Rb8 13. Kh1 b6 14. Ra3 h5 15. Qc2 Ng4 16. Nd1 Ndf6 17. Bf3 h4 18. h3 Nh6 19. Nf2 Nh7 20. Nc4 b5 21. axb5 axb5 22. Ne3 b4 23. Ra7 b3 24. Qd3 Qb6 25. Ra3 Bd7 26. Re1 c4 27. Qxc4 Rec8 28. Qe2 Bb5 29. Qd1 Bd7 30. Nd3 Qd4 31. Rxb3 Ba4 32. Rxb8 Rxb8 33. Qd2 Nf6 34. Nc2 Bxc2 35. Qxc2 Nxd5 36. exd5 Nf5 37. b4 Ng3+ 38. Kh2 Bh6 39. Bb2 Qa7 40. Qc3 Kh7 41. Qd4 Qc7 42. Bg4 Rg8 43. Qf6 g5 44. Bf5+ 1-0

[Event "HUN-chT2 Maroczy 1516"]
[Site "Hungary"]
[Date "2016.02.14"]
[Round "5.2"]
[White "Csizmadia, Laszlo"]
[Black "Nemeth, Zoltan"]
[Result "1-0"]
[WhiteElo "2370"]
[BlackElo "2305"]
[PlyCount "69"]
[EventDate "2015.10.18"]
[EventType "team-tourn"]
[EventRounds "9"]
[EventCountry "HUN"]
[SourceTitle "EXT 2017"]
[Source "ChessBase"]
[SourceDate "2016.10.25"]
[SourceVersion "1"]
[SourceVersionDate "2016.10.25"]
[SourceQuality "1"]
[WhiteTeam "Maroczy"]
[BlackTeam "Magyar Sakkvilag"]
[WhiteTeamCountry "HUN"]
[BlackTeamCountry "HUN"]

1. d4 f5 2. e4 fxe4 3. Nc3 Nf6 4. Bg5 Nc6 5. Bc4 e5 6. Nxe4 Be7 7. Bxf6 Bxf6 8. d5 Na5 9. Bd3 b6 10. Qh5+ g6 11. Qh6 Qe7 12. Nxf6+ Qxf6 13. Nf3 Bb7 14. Ng5 e4 15. Bxe4 Qxb2 16. 0-0 Rg8 17. Bxg6+ hxg6 18. Rae1+ Kd8 19. Nf7+ Kc8 20. Qxg6 Rf8 21. Qh6 Bxd5 22. Qxf8+ Kb7 23. Nd8+ Ka6 24. Rd1 Qe5 25. h4 Qe4 26. f3 Qe3+ 27. Kh1 Bc4 28. Rfe1 Qf2 29. Qe7 d5 30. Ne6 Nc6 31. Nxc7+ Kb7 32. Qh7 Rc8 33. Nxd5+ Ka6 34. Nc7+ Ka5 35. Qf5+ 1-0

[Event "HUN-chT2 Maroczy 1516"]
[Site "Hungary"]
[Date "2015.11.29"]
[Round "3.2"]
[White "Csizmadia, Laszlo"]
[Black "To, Nhat Minh"]
[Result "1-0"]
[WhiteElo "2370"]
[BlackElo "2291"]
[PlyCount "119"]
[EventDate "2015.10.18"]
[EventType "team-tourn"]
[EventRounds "9"]
[EventCountry "HUN"]
[SourceTitle "CBM 170 Extra"]
[Source "ChessBase"]
[SourceDate "2016.02.25"]
[SourceVersion "1"]
[SourceVersionDate "2016.02.25"]
[SourceQuality "1"]
[WhiteTeam "Maroczy"]
[BlackTeam "Szigetszentmiklos"]
[WhiteTeamCountry "HUN"]
[BlackTeamCountry "HUN"]

1. d4 f5 2. e4 fxe4 3. Nc3 Nf6 4. Bg5 g6 5. h4 d5 6. h5 Bf5 7. Bxf6 exf6 8. g4 Be6 9. hxg6 Qd7 10. f3 Bd6 11. Bg2 Na6 12. fxe4 0-0-0 13. gxh7 Rde8 14. Qd2 Bg3+ 15. Kf1 c6 16. Nge2 Bd6 17. exd5 cxd5 18. Nf4 Bxg4 19. Ncxd5 Qb5+ 20. Kf2 Nc7 21. c4 Qd7 22. Rae1 Rxe1 23. Rxe1 Nxd5 24. Bxd5 Rxh7 25. Qe3 Re7 26. Qg3 Rxe1 27. Kxe1 Kb8 28. Qe3 Qa4 29. Ne2 a6 30. c5 Bc7 31. Qd3 Ba5+ 32. Kf2 Qd7 33. Bxb7 Qxb7 34. Qg3+ Bc7 35. Qxg4 Qxb2 36. Qg8+ Ka7 37. Qb3 Qxb3 38. axb3 a5 39. Ke3 Ka6 40. Nc3 Bh2 41. Ke4 Bg1 42. Ne2 Bf2 43. Kd5 Kb7 44. Kd6 Kc8 45. d5 Be3 46. c6 f5 47. Ke5 Kc7 48. Kxf5 Kd6 49. Ke4 Bb6 50. Nd4 Kc5 51. c7 Bxc7 52. Ne6+ Kb6 53. Nxc7 Kxc7 54. Kd4 Kd6 55. Kc4 Kd7 56. Kb5 Kd6 57. Kxa5 Kxd5 58. b4 Kc6 59. Ka6 Kc7 60. b5 1-0

[Event "HUN-chT2 Maroczy 1415"]
[Site "Hungary"]
[Date "2015.02.08"]
[Round "6"]
[White "Gal, Jozsef Istvan"]
[Black "Csizmadia, Laszlo"]
[Result "1-0"]
[WhiteElo "2376"]
[BlackElo "2337"]
[PlyCount "71"]
[EventDate "2014.10.12"]
[EventType "team-tourn"]
[EventRounds "9"]
[EventCountry "HUN"]
[SourceTitle "EXT 2016"]
[Source "ChessBase"]
[SourceDate "2015.10.08"]
[SourceVersion "1"]
[SourceVersionDate "2015.10.08"]
[SourceQuality "1"]
[WhiteTeam "Hajduboszormeny"]
[BlackTeam "Maroczy"]
[WhiteTeamCountry "HUN"]
[BlackTeamCountry "HUN"]

1. c4 e6 2. Nf3 d5 3. g3 Nf6 4. Bg2 c5 5. 0-0 Nc6 6. cxd5 exd5 7. d4 Bg4 8. dxc5 Bxc5 9. Nc3 d4 10. Na4 Be7 11. Bg5 0-0 12. Rc1 Qa5 13. Bxf6 Bxf6 14. Nc5 Qxa2 15. Nxb7 Bxf3 16. Bxf3 Ne5 17. Be4 Qxb2 18. Rb1 Qa3 19. Rb3 Qe7 20. Qb1 g6 21. Na5 Rac8 22. Rb7 Rc7 23. Rc1 Rxb7 24. Bxb7 Qa3 25. Nc6 Ng4 26. Rd1 Re8 27. Qb5 Kg7 28. Ba6 Re6 29. Bc8 Re4 30. Qd3 Qa4 31. Rc1 Bg5 32. Qxe4 Bxc1 33. Bxg4 f5 34. Qe7+ Kh6 35. Qf8+ Kg5 36. Bf3 1-0

[Event "HUN-chT2 Maroczy 1415"]
[Site "Hungary"]
[Date "2015.01.25"]
[Round "5"]
[White "Csizmadia, Laszlo"]
[Black "Krizsany, Laszlo"]
[Result "0-1"]
[WhiteElo "2337"]
[BlackElo "2439"]
[PlyCount "90"]
[EventDate "2014.10.12"]
[EventType "team-tourn"]
[EventRounds "9"]
[EventCountry "HUN"]
[SourceTitle "EXT 2016"]
[Source "ChessBase"]
[SourceDate "2015.10.08"]
[SourceVersion "1"]
[SourceVersionDate "2015.10.08"]
[SourceQuality "1"]
[WhiteTeam "Maroczy"]
[BlackTeam "Kobanya Aquarena"]
[WhiteTeamCountry "HUN"]
[BlackTeamCountry "HUN"]

1. d4 c5 2. dxc5 e6 3. Nc3 Bxc5 4. Ne4 Nf6 5. Nxc5 Qa5+ 6. Qd2 Qxc5 7. Qg5 Qxg5 8. Bxg5 d5 9. Nf3 Nbd7 10. e3 h6 11. Bf4 b6 12. a4 Bb7 13. a5 Ke7 14. Nd4 Rhc8 15. a6 Bc6 16. b4 Nf8 17. f3 Bd7 18. Kd2 Nh5 19. Bd3 f6 20. g4 Nxf4 21. exf4 e5 22. Rae1 Kd6 23. fxe5+ fxe5 24. Nf5+ Bxf5 25. gxf5 Rc7 26. Rhg1 Re8 27. Rg4 Nh7 28. Rg6+ Nf6 29. Bb5 Ree7 30. Bd3 Rc8 31. Reg1 e4 32. fxe4 dxe4 33. Bxe4 Rxe4 34. Rxg7 Rec4 35. Re1 Rxc2+ 36. Kd1 Rc1+ 37. Kd2 Rxe1 38. Kxe1 Rc7 39. Rg6 Ke5 40. Rxh6 b5 41. Rh8 Rc1+ 42. Ke2 Ne4 43. Rh7 Rh1 44. Rxa7 Rxh2+ 45. Kd3 Nd6 0-1

[Event "HUN-chT2 Maroczy 1314"]
[Site "Hungary"]
[Date "2014.04.13"]
[Round "10"]
[White "Gelle, Istvan"]
[Black "Csizmadia, Laszlo"]
[Result "1/2-1/2"]
[WhiteElo "2285"]
[BlackElo "2334"]
[PlyCount "114"]
[EventDate "2013.09.08"]
[EventType "team-tourn"]
[EventRounds "11"]
[EventCountry "HUN"]
[SourceTitle "EXT 2016"]
[Source "ChessBase"]
[SourceDate "2015.10.08"]
[SourceVersion "1"]
[SourceVersionDate "2015.10.08"]
[SourceQuality "1"]
[WhiteTeam "Lila Futo"]
[BlackTeam "Szeged Maroczy"]
[WhiteTeamCountry "HUN"]
[BlackTeamCountry "HUN"]

1. d4 Nf6 2. Bf4 d5 3. e3 Bf5 4. c4 c6 5. Nc3 Nbd7 6. Nf3 e6 7. Qb3 Qb6 8. c5 Qxb3 9. axb3 a6 10. b4 Rc8 11. Be2 Be7 12. Nd2 0-0 13. Nb3 Bd8 14. Na5 Bxa5 15. bxa5 Rfe8 16. f3 e5 17. Bg5 h6 18. Bxf6 Nxf6 19. Kd2 exd4 20. exd4 Rc7 21. g4 Bc8 22. Bd3 Rce7 23. Rae1 Kf8 24. h4 Rxe1 25. Rxe1 Rxe1 26. Kxe1 h5 27. g5 Ne8 28. Ne2 g6 29. Kf2 Ke7 30. Ke3 Ng7 31. Ng3 Bh3 32. Kf4 Ke6 33. Bb1 Ne8 34. Bc2 Ng7 35. Bd3 Ne8 36. Nf1 Ng7 37. Ne3 Ke7 38. Ke5 Bd7 39. f4 Ne6 40. f5 Nf8 41. f6+ Kd8 42. Bf1 Kc7 43. Nd1 Bf5 44. Nc3 Nd7+ 45. Kf4 Kd8 46. Be2 Bh3 47. Nd1 Kc7 48. Nf2 Be6 49. Nd3 Kd8 50. Ne5 Nxe5 51. Kxe5 Kd7 52. b4 Bh3 53. Bd3 Bg4 54. Bc2 Bh3 55. Bd1 Be6 56. Bf3 Bh3 57. Be2 Be6 1/2-1/2

[Event "HUN-chT2 Maroczy 1314"]
[Site "Hungary"]
[Date "2014.03.23"]
[Round "9"]
[White "Csizmadia, Laszlo"]
[Black "Zakarias, David"]
[Result "1-0"]
[WhiteElo "2334"]
[BlackElo "2266"]
[PlyCount "139"]
[EventDate "2013.09.08"]
[EventType "team-tourn"]
[EventRounds "11"]
[EventCountry "HUN"]
[SourceTitle "EXT 2016"]
[Source "ChessBase"]
[SourceDate "2015.10.08"]
[SourceVersion "1"]
[SourceVersionDate "2015.10.08"]
[SourceQuality "1"]
[WhiteTeam "Szeged Maroczy"]
[BlackTeam "Mako II"]
[WhiteTeamCountry "HUN"]
[BlackTeamCountry "HUN"]

1. d4 f5 2. e4 fxe4 3. Nc3 Nf6 4. Bg5 Nc6 5. h4 d5 6. Bxf6 exf6 7. Qh5+ g6 8. Qxd5 Bf5 9. Bc4 Qxd5 10. Bxd5 0-0-0 11. Nge2 Nb4 12. Bb3 e3 13. fxe3 Nxc2+ 14. Bxc2 Bxc2 15. g4 Bd3 16. Nf4 Bc4 17. Kf2 Bd6 18. b3 Bf7 19. Kf3 Rhe8 20. Rac1 Bb4 21. g5 fxg5 22. hxg5 Bg8 23. Ne4 Be7 24. Rc2 Rf8 25. Kg4 c6 26. Nc5 Rd6 27. Rhh2 Rf5 28. Ne4 Rd7 29. Rc1 Kc7 30. Rh6 Kb6 31. Rch1 Bd8 32. R1h2 a5 33. R6h3 Kb5 34. Rh6 b6 35. Rc2 c5 36. d5 Ka6 37. Nxg6 Rdxd5 38. Nf4 Rde5 39. Nd3 Rd5 40. Nf4 Rde5 41. Nd3 Rxg5+ 42. Nxg5 Rxg5+ 43. Kf4 Kb7 44. Rd6 Bc7 45. Kxg5 Bxd6 46. Kf6 a4 47. bxa4 Bd5 48. Ne5 Be4 49. Rb2 Ka6 50. Nc4 Bc7 51. Ke6 Bc6 52. Nd6 h5 53. Rh2 Bf3 54. Kd7 Bb8 55. Rh4 Ka5 56. Rf4 Be2 57. Rf8 Bxd6 58. Kxd6 c4 59. Kd5 Kxa4 60. Rf2 Bd3 61. Kd4 b5 62. e4 b4 63. e5 b3 64. axb3+ Kxb3 65. e6 Bg6 66. Rf3+ Kb4 67. Rf6 Bc2 68. e7 Ba4 69. Rb6+ Ka5 70. Rb8 1-0

[Event "HUN-chT2 Maroczy 1314"]
[Site "Hungary"]
[Date "2013.11.03"]
[Round "4"]
[White "Csizmadia, Laszlo"]
[Black "Krizsany, Laszlo"]
[Result "1/2-1/2"]
[WhiteElo "2334"]
[BlackElo "2445"]
[PlyCount "56"]
[EventDate "2013.09.08"]
[EventType "team-tourn"]
[EventRounds "11"]
[EventCountry "HUN"]
[SourceTitle "EXT 2016"]
[Source "ChessBase"]
[SourceDate "2015.10.08"]
[SourceVersion "1"]
[SourceVersionDate "2015.10.08"]
[SourceQuality "1"]
[WhiteTeam "Szeged Maroczy"]
[BlackTeam "Budapest Kobanya"]
[WhiteTeamCountry "HUN"]
[BlackTeamCountry "HUN"]

1. d4 d5 2. c4 e5 3. dxe5 d4 4. Nf3 Nc6 5. g3 Nge7 6. a3 Bg4 7. Nbd2 Qd7 8. Bg2 Bh3 9. 0-0 Bxg2 10. Kxg2 Ng6 11. b4 h5 12. h4 Be7 13. Qc2 0-0-0 14. Qe4 Qg4 15. Bb2 Ngxe5 16. Nxe5 Qxe4+ 17. Nxe4 Nxe5 18. Rac1 f5 19. Nd2 c5 20. bxc5 Bxc5 21. Nb3 b6 22. Rfd1 Nc6 23. a4 Rhe8 24. Kf1 g6 25. Rc2 Re4 26. Nd2 Ree8 27. Nf3 Kb7 28. Rcd2 Re4 1/2-1/2

[Event "HUN-chT2 Maroczy 1314"]
[Site "Hungary"]
[Date "2013.08.22"]
[Round "2"]
[White "Csizmadia, Laszlo"]
[Black "Emodi, Barnabas"]
[Result "0-1"]
[WhiteElo "2334"]
[BlackElo "2357"]
[PlyCount "88"]
[EventDate "2013.09.08"]
[EventType "team-tourn"]
[EventRounds "11"]
[EventCountry "HUN"]
[SourceTitle "EXT 2016"]
[Source "ChessBase"]
[SourceDate "2015.10.08"]
[SourceVersion "1"]
[SourceVersionDate "2015.10.08"]
[SourceQuality "1"]
[WhiteTeam "Szeged Maroczy"]
[BlackTeam "Penzugyor II"]
[WhiteTeamCountry "HUN"]
[BlackTeamCountry "HUN"]

1. d4 Nf6 2. c4 e6 3. Nc3 d5 4. Bg5 Be7 5. Nf3 h6 6. Bh4 0-0 7. e3 Nbd7 8. Rc1 c6 9. Bd3 dxc4 10. Bxc4 Nb6 11. Bd3 Nbd5 12. 0-0 Nxc3 13. bxc3 c5 14. Ne5 Nd7 15. Bxe7 Qxe7 16. f4 Rd8 17. Qf3 Nf8 18. Bc4 f6 19. Nd3 cxd4 20. exd4 Kh8 21. Rfe1 Qd6 22. g4 Bd7 23. Qxb7 Rac8 24. Qb4 Qc6 25. Bb3 Qf3 26. Nf2 Bc6 27. d5 Bxd5 28. Bxd5 exd5 29. Qd4 Ng6 30. Re3 Nh4 31. Kf1 Qg2+ 32. Ke2 Rc4 33. Qxa7 d4 34. Rd1 Rdc8 35. Rxd4 Rxc3 36. Rxc3 Rxc3 37. Qb8+ Kh7 38. Qb1+ f5 39. Rd3 Rc4 40. Rg3 Qc6 41. Qd3 Rc2+ 42. Kf1 Rxa2 43. gxf5 Qc1+ 44. Nd1 Rd2 0-1